• 首页
  • 本馆介绍
  • 公告通知
  • 最新文献
  • 馆藏检索
  • 电子资源
  • 读者导购
  • 参考咨询
  • 我的图书馆
  • 登录
  • 详细信息显示
  • 放入我的书架
  • 预约/预借图书
  • 作者相关作品
  • 分类相关作品
  • 丛书相关作品
  • 出版社相关作品

书目信息

  • 表格格式
  • 工作单格式
  • 卡片格式
题名:
机电产品目录
    
 
作者: ;国家计划委员会第一机械工业部机电设备成套总局 编
分册: 下   电线电缆类
出版信息: 北京   国家计划委员会第一机械工业部机电设备成套总局  1965
页数: 320-661页
开本: 20cm
丛书名:
单 册:
中图分类: T-63
科图分类:
主题词: 工业产品--产品目录 , 工业产品--产品样本
电子资源:
ISBN:
000 00857nam0 2200205 450
001 0631551327
005 20060424094939.76
100    @a20060421d1965 km y0chiy0120 ea
101 0  @achi
102    @aCN@b110000
200 1  @a机电产品目录@Aji dian chan pin mu lu@i电线电缆类@h下@f国家计划委员会第一机械工业部机电设备成套总局编@Fguo jia ji hua wei yuan hui di yi ji xie gong ye bu ji dian she bei cheng tao zong ju bian
210    @a北京@c国家计划委员会第一机械工业部机电设备成套总局@d1965
215    @a320-661页@d20cm
517 1  @a电线电缆类@Adian xian dian lan lei
606 0  @a工业产品@x产品目录
606 0  @a工业产品@x产品样本
690    @aT-63@v3
711  0 @a国家计划委员会第一机械工业部机电设备成套总局@Aguo jia ji hua wei yuan hui di yi ji xie gong ye bu ji dian she bei cheng tao zong ju@4编
801  0 @aCN@bPFT@c20060424
905    @a10447@dT-63@e3:2
    
    机电产品目录.电线电缆类.下/国家计划委员会第一机械工业部机电设备成套总局编.-北京:国家计划委员会第一机械工业部机电设备成套总局,1965
    320-661页;20cm
    
    
    ISBN :
    
●
相关链接 在E读中查询图书 在五车中查询图书 在当当中查询图书 在豆瓣中查询图书


正题名:机电产品目录     索取号:T-63/3:2         预约/预借

序号 登录号 条形码 馆藏地/架位号 状态 备注
1 0017363   202278542   密集书库/ [索取号:T-63/3:2] 在馆    
唐山师范学院图书馆 欢迎您!
大连网信软件有限公司© 版权所有